Countries Spelled Backward #2 - Statistics

General Stats
  • This quiz has been taken 221 times
  • The average score is 15 of 16
Answer Stats
Hint Answer % Correct
aciamaj Jamaica
100%
suraleb Belarus
96%
natuhb Bhutan
96%
itabirik Kiribati
96%
atlam Malta
96%
aomas Samoa
96%
agnot Tonga
96%
aeniug Guinea
95%
ailamos Somalia
95%
arrodna Andorra
93%
nietsnethceil Liechtenstein
93%
ocanom Monaco
93%
ienurb Brunei
91%
sodabrab Barbados
91%
adanerg Grenada
91%
ainauhtil Lithuania
91%
No matching quizzes found
Score Distribution
Percent of People with Each Score
Percentile by Number Answered
Your Score History
You have not taken this quiz